|
|
|
|
| LEADER |
01816nam a2200421 i 4500 |
| 001 |
EBC5155895 |
| 003 |
MiAaPQ |
| 005 |
20200520144314.0 |
| 006 |
m o d | |
| 007 |
cr cnu|||||||| |
| 008 |
180817s2001 gw o 000 0 ger d |
| 020 |
|
|
|z 9783486256970
|
| 020 |
|
|
|a 9783486807905
|q (electronic bk.)
|
| 035 |
|
|
|a (MiAaPQ)EBC5155895
|
| 035 |
|
|
|a (Au-PeEL)EBL5155895
|
| 035 |
|
|
|a (CaPaEBR)ebr11567578
|
| 035 |
|
|
|a (OCoLC)1039685296
|
| 040 |
|
|
|a MiAaPQ
|b eng
|e rda
|e pn
|c MiAaPQ
|d MiAaPQ
|
| 050 |
|
4 |
|a G155.A1
|b .B634 2001
|
| 082 |
0 |
|
|a 338.4791
|2 23
|
| 100 |
1 |
|
|a Bochert, Ralf,
|e author.
|
| 245 |
1 |
0 |
|a Tourismus in der Marktwirtschaft :
|b Ordnungspolitik der Tourismusmarkte /
|c von Ralf Bochert.
|
| 264 |
|
1 |
|a Munchen ;
|a Wien :
|b R. Oldenbourg Verlag,
|c [2001]
|
| 264 |
|
4 |
|c 2001
|
| 300 |
|
|
|a 1 online resource (240 pages).
|
| 336 |
|
|
|a text
|b txt
|2 rdacontent
|
| 337 |
|
|
|a computer
|b c
|2 rdamedia
|
| 338 |
|
|
|a online resource
|b cr
|2 rdacarrier
|
| 490 |
1 |
|
|a Lehr- und Handbucher zu Tourismus, Verkehr und Freizeit
|
| 588 |
|
|
|a Description based on print version record.
|
| 590 |
|
|
|a Electronic reproduction. Ann Arbor, MI : ProQuest, 2018. Available via World Wide Web. Access may be limited to ProQuest affiliated libraries.
|
| 650 |
|
0 |
|a Travel
|v Statistics.
|
| 650 |
|
0 |
|a Consumers' preferences.
|
| 655 |
|
4 |
|a Electronic books.
|
| 776 |
0 |
8 |
|i Print version:
|a Bochert, Ralf.
|t Tourismus in der Marktwirtschaft : Ordnungspolitik der Tourismusmarkte.
|d Munchen ; Wien : R. Oldenbourg Verlag, c2001
|h 240 pages
|k Lehr- und Handbucher zu Tourismus, Verkehr und Freizeit.
|z 9783486256970
|
| 797 |
2 |
|
|a ProQuest (Firm)
|
| 830 |
|
0 |
|a Lehr- und Handbucher zu Tourismus, Verkehr und Freizeit.
|
| 856 |
4 |
0 |
|u https://ebookcentral.proquest.com/lib/matrademy/detail.action?docID=5155895
|z Click to View
|